<?xml version="1.0" encoding="UTF-8"?>
<collection xmlns="http://www.loc.gov/MARC21/slim">
 <record>
  <leader>00613nam a22001695a 4500</leader>
  <controlfield tag="001">EHU.bham015217</controlfield>
  <controlfield tag="003">AR-BHAM</controlfield>
  <controlfield tag="005">20100408192323.0</controlfield>
  <controlfield tag="008">130507s1993##################000#0#####d</controlfield>
  <datafield tag="082" ind1="9" ind2="8">
   <subfield code="a">982.821</subfield>
  </datafield>
  <datafield tag="100" ind1="1" ind2=" ">
   <subfield code="a">Caviglia, Maria Jorgelina</subfield>
  </datafield>
  <datafield tag="245" ind1="1" ind2="0">
   <subfield code="a">Ingeniero white :</subfield>
   <subfield code="b">la huelga de 1907 /</subfield>
   <subfield code="c">Maria Jorgelina Caviglia</subfield>
  </datafield>
  <datafield tag="260" ind1=" " ind2=" ">
   <subfield code="a">Bahia Blanca :</subfield>
   <subfield code="b">La Cocina Del Museo Del Puerto De Ingeniero White,</subfield>
   <subfield code="c">1993</subfield>
  </datafield>
  <datafield tag="300" ind1=" " ind2=" ">
   <subfield code="a">55 p.</subfield>
  </datafield>
  <datafield tag="653" ind1=" " ind2=" ">
   <subfield code="a">Historia de argentina</subfield>
  </datafield>
  <datafield tag="859" ind1=" " ind2=" ">
   <subfield code="a">AR-BHAM</subfield>
   <subfield code="b">BIB. HUMANIDADES - General</subfield>
   <subfield code="h">982.821</subfield>
   <subfield code="i">C257</subfield>
   <subfield code="p">353.94</subfield>
   <subfield code="t">Ej.1</subfield>
  </datafield>
  <datafield tag="859" ind1=" " ind2=" ">
   <subfield code="a">AR-BHAM</subfield>
   <subfield code="b">BIB. HUMANIDADES - General</subfield>
   <subfield code="h">982.821</subfield>
   <subfield code="i">C257</subfield>
   <subfield code="p">354.94</subfield>
   <subfield code="t">Ej.1</subfield>
  </datafield>
 </record>
</collection>
